01243cam a22003255i 45000010008000000030009000080050017000170080041000340200015000750200018000900400043001080820021001511000046001722450123002182500019003412500027003602640051003873000060004383360026004983370028005243380027005524900049005795000021006285000026006496500042006756550017007179420012007349990017007469520154007633856186EG-ScBUE20250526090059.0880623s1989 nyua f 001 0 eng d a0071004882 a9780071004886 aEG-ScBUEbengerdacEG-ScBUEdEG-ScBUE04a530.141bHAY2221 aHayt, William Hart,d1920-99162eauthor.10aEngineering electromagnetics /cWilliam H. Hayt, Jr., professor of electrical engineering, Emeritus Purdue University. aFifth edition. aInternational edition. 1aNew York : bMcGraw-Hill Book Company, c1989. axiii, 472 pages :billustrations (some color) ;c25 cm. 2rdacontentatextbtxt aunmediated2rdamediabn avolumebnc2rdacarrier0 aMcGraw-Hill series in electrical engineering aIncludes index.  aIncludes Appendices.  7aElectromagnetic theory.9170572BUEsh vReading book 2ddccBB c14605d14605 00102ddc40708AlahramaMAINbMAINc1STd2010-08-04epurchaseg93.30l3m3o530.141 HAYp000021637r2025-07-15 00:00:00s2019-05-06w2010-08-04yBB